Audit of the HAO analysis files, site I, year 5 /

Bibliographic Details
Main Author: Wang, Ann W.
Corporate Authors: United States. Department of Housing and Urban Development, Rand Corporation
Format: Book
Language:English
Published: Santa Monica, Calif. : Rand Corp., 1981.
Series:Rand note ; N-1423-HUD.
Subjects:

MARC

Tag First Indicator Second Indicator Subfields
LEADER 00000cam a2200000 a 4500
001 in00001086310
005 20150929161025.0
008 820222s1981 cau f000 0 eng d
019 |a 14007774 
035 |a (OCoLC)08178691 
035 |9 AFQ7627AM 
040 |a HOU  |c HOU  |d m/c  |d UBY  |d UtOrBLW 
043 |a n-us-wi 
049 |a TXAM 
090 |a HD7293  |b .W32 1981 
100 1 |a Wang, Ann W. 
245 1 0 |a Audit of the HAO analysis files, site I, year 5 /  |c Ann W. Wang. 
264 1 |a Santa Monica, Calif. :  |b Rand Corp.,  |c 1981. 
300 |a xi, 26 pages ;  |c 28 cm. 
336 |a text  |b txt  |2 rdacontent 
337 |a unmediated  |b n  |2 rdamedia 
338 |a volume  |b nc  |2 rdacarrier 
490 1 |a A Rand note ;  |v N-1423-HUD 
500 |a On cover: Housing Assistance Supply Experiment. 
500 |a "Prepared for the Office of Policy Development and Research, U.S. Department of Housing and Urban Development, under contract number H-1789." 
500 |a "November 1981." 
650 0 |a Housing subsidies  |z Wisconsin  |z Brown County. 
650 0 |a Housing  |z Wisconsin  |z Brown County. 
710 1 |a United States.  |b Department of Housing and Urban Development. 
710 2 |a Rand Corporation. 
740 0 |a Housing Assistance Supply Experiment. 
830 0 |a Rand note ;  |v N-1423-HUD. 
999 |a MARS 
999 f f |s 586b5f88-72f5-3693-93cd-247ea53f8031  |i ff9cb40b-2a1f-3e6d-a47c-642e640502e2  |t 0 
952 f f |p ric  |a Texas A&M University  |b Rellis Campus  |c Joint Library Facility  |d Remote Storage  |t 0  |e HD7293 .W32 1981  |h Library of Congress classification  |i unmediated -- volume  |m A14816200885 
998 f f |a HD7293 .W32 1981  |t 0  |l Remote Storage